| 000 | 01144nam0a2200253 4500 | ||
|---|---|---|---|
| 001 | RU\NLR\ONL1\13152 | ||
| 005 | 20250613121604.0 | ||
| 035 | _a(NLR Aleph) 009641896 | ||
| 090 |
_a9549559 _c9549559 |
||
| 100 | _a20080319d1925 |||y0rusy50 ca | ||
| 101 | 0 | _amyv | |
| 102 | _aRU | ||
| 105 | _ay ||||||||| | ||
| 200 | 1 |
_aМ. В. Фрунзе, СССР-онь Народонь комиссар военной ды морской тевтнень кувалт и СССР-онь Революционной Военной Советэнь председатель _fэрзякс сёрм. Г. Т. и А. Е. |
|
| 210 |
_aМ. _cГосвоениздат _d1925 |
||
| 215 |
_a31 с. _d23 |
||
| 541 | 1 |
_aМ. В. Фрунзе, народный комиссар по военным и морским делам и председатель Революционного военного Совета СССР _zrus |
|
| 600 | 0 | 1 |
_aФрунзе _bМ. В. _gМихаил Васильевич _2psbo |
| 801 | 0 |
_aRU _bNLR _c20080319 _gPSBO |
|
| 852 |
_aNLR _bОНЛ _jМорд.Э./3-795 |
||
| 942 | _cBOOK | ||
| 980 | _aNB | ||